| 000 | 00752cam a2200181 i 4500 | ||
|---|---|---|---|
| 040 | _cDLC | ||
| 082 | 0 | 0 | _a620 SOC 1978 A056 Or. |
| 245 | 0 | 0 |
_aOceans '78 : _b"the ocean challenge" : fourth annual combined conference, September 6-8, 1978, Sheraton-Park Hotel, Washington, D.C. / |
| 260 |
_aWashington : _bThe Society, _cc1978. |
||
| 300 |
_axxiii, 743 p. : _bill. ; _c28 cm. |
||
| 500 | _aPapers of the final meeting of a series of meetings; record of the 1977 meeting is entered under title: Oceans '77 conference record. | ||
| 650 | 0 | _aOcean engineering | |
| 650 | 0 | _aOceanography | |
| 710 | 2 | _aMarine Technology Society. | |
| 710 | 2 | _aCouncil on Oceanic Engineering. | |
| 710 | 2 | _aInstitute of Electrical and Electronics Engineers. | |
| 942 | _cEK | ||
| 999 |
_c15855 _d15855 |
||